[Event "NOR-ch Youth 2019"]
[Site "Skien"]
[Date "2019.11.10"]
[Round "7.24"]
[White "Shehzad, Alina"]
[Black "Ji, Jiabao Eivind"]
[Result "1/2-1/2"]
[WhiteElo "1174"]
[BlackElo "1373"]
[Annotator "NA"]
[PlyCount "59"]
[EventDate "2019.11.08"]
[EventType "swiss"]
[EventCountry "NOR"]
[SourceTitle "playchess.com"]
[Source "ChessBase"]
[SourceQuality "1"]
[TimeControl "5400+30"]

1. e4 {[%emt 0:00:00]} c5 {[%emt 0:00:00]} 2. Nf3 {[%emt 0:00:00]} Nc6 {[%emt 0:00:00]} 3. d4 {[%emt 0:00:07]} cxd4 {[%emt 0:00:03]} 4. Nxd4 {[%emt 0:00:24]} Nf6 {[%emt 0:00:32]} 5. Nc3 {[%emt 0:00:20]} e5 {[%emt 0:00:15]} 6. Nb3 {[%emt 0:01:21]} Bb4 {[%emt 0:00:53]} 7. f3 {[%emt 0:02:30]} h6 {[%emt 0:00:41]} 8. Be3 {[%emt 0:00:30]} O-O {[%emt 0:00:24]} 9. Bc4 {[%emt 0:01:22]} a6 {[%emt 0:01:09]} 10. a3 {[%emt 0:01:07]} Ba5 {[%emt 0:00:22]} 11. Nc5 {[%emt 0:03:18]} d6 {[%emt 0:00:33]} 12. Nd3 {[%emt 0:02:03]} b5 {[%emt 0:00:18]} 13. Bb3 {[%emt 0:01:48]} Bb7 {[%emt 0:00:17]} 14. O-O {[%emt 0:01:14]} Bb6 {[%emt 0:03:24]} 15. Qd2 {[%emt 0:01:24]} Rc8 {[%emt 0:02:33]} 16. Kh1 {[%emt 0:00:44]} Bxe3 {[%emt 0:00:24]} 17. Qxe3 {[%emt 0:00:44]} Nd4 {[%emt 0:00:28]} 18. Ne2 {[%emt 0:02:02]} Nxe2 {[%emt 0:00:53]} 19. Qxe2 {[%emt 0:01:03]} Re8 {[%emt 0:00:40]} 20. Qf2 {[%emt 0:02:33]} Qd7 {[%emt 0:01:11]} 21. Rad1 {[%emt 0:01:24]} Qc7 {[%emt 0:01:15]} 22. Qg3 {[%emt 0:02:29]} a5 {[%emt 0:04:51]} 23. c3 {[%emt 0:07:15]} a4 {[%emt 0:01:26]} 24. Ba2 {[%emt 0:00:23]} Qe7 {[%emt 0:02:44]} 25. Nf2 {[%emt 0:01:33]} Nh5 {[%emt 0:00:41]} 26. Qh3 {[%emt 0:02:04]} Nf4 {[%emt 0:00:35]} 27. Qg3 {[%emt 0:01:44]} Kh7 {[%emt 0:03:42]} 28. Nh3 {[%emt 0:05:39]} Ng6 {[%emt 0:03:09]} 29. Rfe1 {[%emt 0:07:58]} Nf8 {[%emt 0:02:28]} 30. Qg4 {[%emt 0:08:43]} 1/2-1/2